Teacher-education at secondary level / (Record no. 136122)

MARC details
000 -LEADER
fixed length control field 00695nam a22002177a 4500
005 - DATE AND TIME OF LATEST TRANSACTION
control field 20170124110254.0
010 ## - LIBRARY OF CONGRESS CONTROL NUMBER
LC control number A-679891
020 ## - INTERNATIONAL STANDARD BOOK NUMBER
Terms of availability 00.00
035 ## - SYSTEM CONTROL NUMBER
System control number A-679891
037 ## - SOURCE OF ACQUISITION
Source of stock number/acquisition Cen Lib/Ret
040 ## - CATALOGING SOURCE
Original cataloging agency DPL
Language of cataloging EN
082 ## - DEWEY DECIMAL CLASSIFICATION NUMBER
Classification number 370.71
Item number VAS
100 ## - MAIN ENTRY--PERSONAL NAME
Personal name Vasant Nagpure
9 (RLIN) 17619
245 ## - TITLE STATEMENT
Title Teacher-education at secondary level /
Statement of responsibility, etc by Vasant Nagpure
260 ## - PUBLICATION, DISTRIBUTION, ETC. (IMPRINT)
Place of publication, distribution, etc Bombay
Name of publisher, distributor, etc Himalaya Publishing House
Date of publication, distribution, etc 1992
270 ## - ADDRESS
City Bombay
Address "Ramdoot" Dr. Bhalerao Marg, Girgaon
Postal code 400004
300 ## - PHYSICAL DESCRIPTION
Extent xv,186p.
Dimensions 21cm(Hb)
650 ## - SUBJECT ADDED ENTRY--TOPICAL TERM
Topical term or geographic name as entry element High school teachers -- Training of -- India
9 (RLIN) 17620
650 ## - SUBJECT ADDED ENTRY--TOPICAL TERM
Topical term or geographic name as entry element High school teachers -- Training of
9 (RLIN) 17621
942 ## - ADDED ENTRY ELEMENTS (KOHA)
Source of classification or shelving scheme Dewey Decimal Classification
Koha item type English Books
Classification part 370.71
Call number suffix VAS
Holdings
Withdrawn status Lost status Damaged status Not for loan Home library Current library Date acquired Source of acquisition Total Checkouts Full call number Barcode Date last seen Copy number Price effective from Koha item type
        Central Library Central Library 18/12/2015 Cen Lib/Ret   370.71 VAS A-679891 18/12/2015 1 18/12/2015 English Books

© Delhi Public Library
Hit Counter
free hit counter